| 000 | 00463cam a22001097a 4500 | ||
|---|---|---|---|
| 008 | 180718b1987 xxu||||| |||| 00| 0 eng d | ||
| 082 | _aP422x5451 In2 | ||
| 245 |
_aWastage, Stagnation and inequality of opportunity in rural primary education: a case study of Andhra Pradesh _cby Department of Education, India |
||
| 260 |
_aNew Delhi _bDepartment of Education _c1987 |
||
| 300 | _a83p | ||
| 700 | _aIndia. Ministry of Human Resource Development. Department of Education | ||
| 999 |
_c494641 _d494641 |
||